000 004900000a22001810004500
003 MACL
005 20160423154954.0
008 160423b xxu||||| |||| 00| 0 eng d
040 _aMACL
_cMACL
041 _aHindi
082 _a800 DHA
100 _aधर्मवीर
_953688
245 _aपहला खत
260 _bसमता प्रकाशन
_c1994
_aनई दिल्‍ली
350 _a80
650 _aLiteracture
_953689
942 _cHIN
_k800/DHA/L
_2ddc
999 _c20590
_d20590